00743nam a22002177a 4500003000400000005001700004008004100021020001800062040002900080050002300109100002300132245010500155250001700260260004900277300004100326500004400367650003700411650003600448700002200484700001900506OSt20230323103922.0221216b |||||||| |||| 00| 0 eng d a9781260085518 cChuka University Library aLB 1028b.F73 2019 aFraenkel, Jack R.  aHow to design and evaluate research in education/cJack R. Fraenkel, Norman E. Wallen, Helen H. Hyun a10th edition aNew York,USA:bMc Graw-Hill Education,c2019 aVarious paging,bcolor illustrations aIncludes Appendixes,Glossary and index. aEducationvResearchxMethodology aEducationvResearchxEvaluation aWallen, Norman .E aHyun, Helen .H